|
|
|
|
| LEADER |
00000cam a2200000 a 4500 |
| 001 |
013874 |
| 003 |
UAHC_CL |
| 005 |
20170803121052.0 |
| 008 |
070928s2000 ag 000 spa |
| 020 |
|
|
|a 9507016325
|
| 040 |
|
|
|a UAHC_CL
|c UAHC_CL
|d UAHC_CL
|
| 111 |
1 |
|
|a Congreso Internacional de Educación
|n (1¼
|c Buenos Aires:
|d Julio de 1996)
|
| 245 |
1 |
0 |
|a Educación, crisis y utopías :
|b Tomo I: Análisis político y propuestas pedagógicas.
|
| 246 |
2 |
|
|a Análisis político y propuestas pedagógicas.
|
| 250 |
|
|
|a 1a.ed.
|
| 260 |
|
|
|b Universidad de Buenos Aires, Facultad de Filosofía y Letras
|c 2000
|a Buenos Aires
|
| 300 |
|
|
|a 315 p.
|
| 520 |
|
|
|a En el 1er Congreso Internacional de Educación, realizado en el centésimo aniversario de la creación de la Facultad de Filosofía y Letras de la Universidad de Buenos Aires (julio de 1996), se abrió un nuevo debate que convocó a 2200 personas. Este libro da cuenta de ese acontecimiento a través de los trabajos que se presentaron y permite reconocer el estado de los análisis que, desde diferentes perspectivas, configuran el hecho educativo. El lema del congreso "Educación, crisis y utopías" pretendió enmarcar este debate en su contexto, tratando de profundizar el estudio de las múltiples dimensiones que se entrecruzan en ese hecho.
|
| 521 |
|
|
|a Taller IV
|
| 521 |
|
|
|a Taller IX
|
| 650 |
|
4 |
|a FILOSOFIA DE LA EDUCACION
|
| 650 |
|
4 |
|a EDUCACION
|z AMERICA LATINA
|v CONGRESOS
|
| 653 |
|
|
|a PEDAGOGIA EN HISTORIA Y CIENCIAS SOCIALES
|
| 658 |
|
|
|a Ayala, Estela
|
| 900 |
|
|
|a 370.1 CONG
|
| 942 |
|
|
|c BK
|
| 952 |
|
|
|0 0
|1 0
|4 0
|6 370_100000000000000_CONG
|7 0
|8 General
|9 27831
|a BC
|b BC
|c General
|d 2017-08-03
|o 370.1 CONG
|p 1360068
|r 2026-01-13 00:00:00
|t 1
|w 2017-08-03
|y BK
|
| 952 |
|
|
|0 0
|1 0
|4 0
|6 370_100000000000000_CONG
|7 0
|8 General
|9 27832
|a BC
|b BC
|c General
|d 2017-08-03
|o 370.1 CONG
|p 1360069
|r 2026-01-13 00:00:00
|t 2
|w 2017-08-03
|y BK
|
| 999 |
|
|
|c 13874
|d 13874
|